Κατάλογος Βιβλιοθηκών Mediterranean College

Strategic Management / Awareness and Change: Second Edition (Record no. 3338)

MARC details
000 -LEADER
fixed length control field 01706cam a22002054a 4500
005 - ΗΜΕΡΟΜΗΝΙΑ ΚΑΙ ΩΡΑ ΤΕΛΕΥΤΑΙΑΣ ΕΝΗΜΕΡΩΣΗΣ
Πεδίο ελέγχου 20250605164112.0
008 - FIXED-LENGTH DATA ELEMENTS--GENERAL INFORMATION
Πεδίο ελέγχου σταθερού μήκους 250528s ||||||||||||||||||||||||d
035 ## - SYSTEM CONTROL NUMBER
System control number 17944
020 ## - ISBN
ISBN 412463407
040 ## - ΠΗΓΗ ΚΑΤΑΛΟΓΟΓΡΑΦΗΣΗΣ
Φορέας πρωτότυπης καταλογογράφησης MC Athens Campus Library
Γλώσσα καταλογογράφησης Ελληνικά, Μοντέρνα (1453-)
Modifying agency MC Athens Campus Library
Κανόνες περιγραφικής καταλογογράφησης AACR2
245 1# - ΤΙΤΛΟΣ ΚΑΙ ΔΗΛΩΣΗ ΥΠΕΥΘΥΝΟΤΗΤΑΣ
Τίτλος Strategic Management / Awareness and Change: Second Edition
250 ## - EDITION STATEMENT
Edition statement 2nd
260 ## - PUBLICATION, DISTRIBUTION, ETC.
Name of publisher, distributor, etc. Chapman & Hall,
Date of publication, distribution, etc. 1993
300 ## - PHYSICAL DESCRIPTION
Extent 760
520 ## - SUMMARY, ETC.
Summary, etc. The book explains the processes underlying the proactive formulation and implementation of strategies and demonstrates the importance of reacting quickly and effectively in a competitive and turbulent environment. Preface, Acknowledgements, The Strategy Process, Exploring Strategic Management, A Strategic Management Framework, Strategic Leadership and Decision Making, Culture and Values, Situation Assessment, Where are We Going?, How are We Going?, Analyzing Competition, What Causes a Company to Fail?, Situation Analysis, Where are Our Opportunities and Threats?, Marketing as a Strategic Resource, Operations as a Strategic Resource, People as a Strategic Resource, Finance as a Strategic Resource, Information as a Strategic Resource, Where is Our Competitive Advantage?, Changes in Corporate Strategy, Where Do We Want to Go?, What Strategic Alternatives are Available?, Growth Strategies: Diversification and Acquisition and Joint Venture, Recovery and Recession and Divestment Strategies, Management Buy-Outs, What Constitutes a Good Choice?, Strategy Implementation, Strategy and Structure, Resource Management and Control, Managing Change, Final Thoughts, Author and Subject Index.
700 1# - ΠΡΟΣΘΕΤΗ ΑΝΑΓΡΑΦΗ--ΦΥΣΙΚΟ ΠΡΟΣΩΠΟ
Personal name Thompson John L
9 (RLIN) 614
942 ## - ADDED ENTRY ELEMENTS (KOHA)
Koha item type Books
Holdings
Τύπος τεκμηρίου Βιβλιοθήκη Τρέχουσα τοποθεσία Barcode Αριθμός εισαγωγής Ημερομηνία απόκτησης Ταξιθετικό σύμβολο Αριθμός αντιτύπου Κατάσταση απόσυρσης Κατάσταση χαμένου Κατάσταση κατεστραμμένου Μη δανεισμός Σύνολο δανεισμών Ημερομηνία τελευταίας εμφάνισης Η τιμή ισχύει από
Books MC Athens Campus Library MC Athens Campus Library 9780000033376 1716 05/06/2025 658.4/012 ΤΗΟ 1           05/06/2025 05/06/2025

MC Athens Campus Library
Πατησίων 94 & Κοδριγκτώνος 13, 104 34
Πελλήνης 8 & Πατησίων 107, 112 51
Τ: +30 210 8899600

MC Thessaloniki Campus Library
Ίωνος Δραγούμη 21, 54625 | Ίωνος Δραγούμη 15, 54625
Τ: +30 2310 287779 – Τ: +30 2314 440300